[Event "Chessable Masters Play In"]
[Site "Chess.com INT"]
[Date "2025.02.17"]
[Round "6"]
[White "Sadhwani, Raunak"]
[Black "Mikaelyan, Arman"]
[Result "1-0"]
[WhiteElo "2666"]
[BlackElo "2497"]
[PlyCount "65"]
[EventDate "2025.02.17"]
[EventType "swiss (blitz)"]
[EventRounds "9"]
[EventCountry "USA"]
[SourceTitle "CB08_2025"]
[SourceDate "2025.02.19"]
[SourceVersion "1"]
[SourceVersionDate "2025.02.19"]
[SourceQuality "1"]

1. e4 c5 2. Nf3 Nc6 3. Bb5 e6 4. 0-0 Nge7 5. Re1 Ng6 6. c3 d5 7. exd5 Qxd5 8. d4 cxd4 9. c4 Qd6 10. Nxd4 Bd7 11. Be3 Nxd4 12. Qxd4 Qxd4 13. Bxd4 Bxb5 14. cxb5 Ne7 15. Nd2 Nf5 16. Bc3 Bc5 17. Nb3 Bb6 18. a4 Rd8 19. Red1 Ke7 20. Rdc1 Rd7 21. a5 Bd4 22. Bb4+ Kf6 23. g4 Bxb2 24. gxf5 Bxa1 25. Rxa1 Kxf5 26. Bc5 Rd5 27. Bxa7 Kg4 28. Kg2 Rxb5 29. Ra4+ Kh5 30. Nd4 Rg5+ 31. Kh3 Rc8 32. Ne2 Rc3+ 33. Nxc3 1-0

[Event "Bundesliga 2425"]
[Site "Germany"]
[Date "2025.02.01"]
[Round "7.6"]
[White "Sadhwani, Raunak"]
[Black "Svidler, Peter"]
[Result "1/2-1/2"]
[WhiteElo "2659"]
[BlackElo "2698"]
[PlyCount "43"]
[EventDate "2024.09.28"]
[EventType "team-tourn"]
[EventRounds "15"]
[EventCountry "GER"]
[SourceTitle "CB06_2025"]
[SourceDate "2025.02.05"]
[SourceVersion "1"]
[SourceVersionDate "2025.02.05"]
[SourceQuality "1"]
[WhiteTeam "Duesseldorf"]
[BlackTeam "Baden-Baden"]
[WhiteTeamCountry "GER"]
[BlackTeamCountry "GER"]

1. e4 e5 2. Nf3 Nc6 3. Bb5 a6 4. Ba4 Nf6 5. 0-0 Be7 6. Re1 b5 7. Bb3 0-0 8. h3 d6 9. c3 Re8 10. d4 Bb7 11. Ng5 Rf8 12. Nf3 Re8 13. Nbd2 Bf8 14. a3 h6 15. Bc2 Nb8 16. b3 Nbd7 17. Bb2 Rb8 18. a4 g6 19. axb5 axb5 20. Ra7 d5 21. Nxe5 dxe4 22. c4 1/2-1/2

[Event "Titled Tuesday intern op 28th Jan Early"]
[Site "Chess.com INT"]
[Date "2025.01.28"]
[Round "1"]
[White "Matyukov, Petr"]
[Black "Sadhwani, Raunak"]
[Result "0-1"]
[WhiteElo "2315"]
[BlackElo "2675"]
[PlyCount "80"]
[EventDate "2025.01.28"]
[EventType "swiss (blitz)"]
[EventRounds "11"]
[EventCountry "USA"]
[SourceTitle "CB06_2025"]
[SourceDate "2025.02.05"]
[SourceVersion "1"]
[SourceVersionDate "2025.02.05"]
[SourceQuality "1"]

1. e4 b6 2. d4 Bb7 3. Bd3 e6 4. Nf3 d5 5. e5 Ba6 6. 0-0 Bxd3 7. Qxd3 c5 8. a4 Nc6 9. c3 Qd7 10. Be3 c4 11. Qc2 Na5 12. Nbd2 Ne7 13. Rfe1 Nf5 14. g4 Nxe3 15. fxe3 Be7 16. e4 0-0 17. Kh1 dxe4 18. Qxe4 Rad8 19. Qe2 Qd5 20. Qe4 Qd7 21. Qe2 Rc8 22. Rf1 Qd5 23. Qe4 Rfd8 24. Qxd5 Rxd5 25. Ne1 Bg5 26. Ne4 Nb3 27. Rb1 Be7 28. Nc2 Ra5 29. Ne3 Rxa4 30. d5 Nc5 31. Nd6 Bxd6 32. exd6 Rd8 33. dxe6 fxe6 34. Rbd1 b5 35. Rf4 Nd3 36. Rd4 Nf2+ 37. Kg2 Nxd1 38. Rxd1 Ra6 39. Rd2 Raxd6 40. Rxd6 Rxd6 0-1

[Event "Titled Tuesday intern op 28th Jan Early"]
[Site "Chess.com INT"]
[Date "2025.01.28"]
[Round "6"]
[White "Sadhwani, Raunak"]
[Black "Galchenko, Matvey"]
[Result "1-0"]
[WhiteElo "2675"]
[BlackElo "2438"]
[PlyCount "77"]
[EventDate "2025.01.28"]
[EventType "swiss (blitz)"]
[EventRounds "11"]
[EventCountry "USA"]
[SourceTitle "CB06_2025"]
[SourceDate "2025.02.05"]
[SourceVersion "1"]
[SourceVersionDate "2025.02.05"]
[SourceQuality "1"]

1. c4 c5 2. Nc3 g6 3. g3 Bg7 4. Bg2 Nc6 5. Rb1 e6 6. a3 Nge7 7. b4 d6 8. h4 h6 9. Nf3 0-0 10. 0-0 b6 11. b5 Na5 12. h5 Nxc4 13. hxg6 fxg6 14. Ne5 Nxe5 15. Bxa8 d5 16. d3 Qc7 17. f4 Nf7 18. Bb2 Bd7 19. Bc6 Nxc6 20. bxc6 Bxc6 21. e4 h5 22. Qe2 Qd7 23. Rbe1 d4 24. Nb1 Nh6 25. Nd2 Ng4 26. Nf3 e5 27. Bc1 b5 28. fxe5 Qe6 29. Bf4 Nxe5 30. Bxe5 Bxe5 31. Nxe5 Qxe5 32. Rxf8+ Kxf8 33. Qf3+ Kg7 34. Rf1 Qe7 35. Qf4 c4 36. e5 Qd8 37. Qf7+ Kh6 38. Rf6 Be4 39. dxe4 1-0

[Event "Bundesliga 2425"]
[Site "Germany"]
[Date "2025.01.12"]
[Round "6.6"]
[White "Sadhwani, Raunak"]
[Black "Socko, Bartosz"]
[Result "0-1"]
[WhiteElo "2659"]
[BlackElo "2551"]
[PlyCount "100"]
[EventDate "2024.09.28"]
[EventType "team-tourn"]
[EventRounds "15"]
[EventCountry "GER"]
[SourceTitle "CB06_2025"]
[SourceDate "2025.02.05"]
[SourceVersion "1"]
[SourceVersionDate "2025.02.05"]
[SourceQuality "1"]
[WhiteTeam "Duesseldorf"]
[BlackTeam "St Pauli"]
[WhiteTeamCountry "GER"]
[BlackTeamCountry "GER"]

1. c4 e5 2. Nc3 Nf6 3. Nf3 Nc6 4. g3 g6 5. Bg2 Bg7 6. d4 exd4 7. Nxd4 0-0 8. Nc2 d6 9. 0-0 Be6 10. b3 Qd7 11. Re1 Bh3 12. Bf3 Rfe8 13. Bb2 Ne5 14. Bh1 Rad8 15. e4 h5 16. Ne3 c6 17. f3 a6 18. a4 Qc7 19. Bg2 Bxg2 20. Kxg2 Nfd7 21. Rb1 Nc5 22. Ba1 a5 23. Re2 Qe7 24. Qc2 h4 25. Rf1 Qd7 26. Qd1 h3+ 27. Kh1 f5 28. exf5 gxf5 29. Na2 Qf7 30. g4 fxg4 31. fxg4 Qg6 32. Nf5 Ne6 33. Re3 Ng5 34. Nc1 Nxc4 35. Ne7+ Rxe7 36. Rxe7 Bxa1 37. bxc4 Bf6 38. Re3 d5 39. cxd5 cxd5 40. Qb3 Bd4 41. Re2 Qc6 42. Nd3 Rf8 43. Rxf8+ Kxf8 44. Qa3+ Kg8 45. Nf4 Be3 46. Rxe3 d4+ 47. Rf3 Qxf3+ 48. Qxf3 Nxf3 49. Nxh3 b5 50. axb5 a4 0-1